| 000 | 00871nam a22002297a 4500 | ||
|---|---|---|---|
| 003 | 0 | ||
| 005 | 20250204153937.0 | ||
| 008 | 250204b xxu||||| |||| 00| 0 eng d | ||
| 050 |
_aNK 9503.5 _b.D4 2023 |
||
| 100 | _aDe Leon, Mina Kyla S. | ||
| 245 |
_aTapiserya _b Philippine indigenous textiles design exploration _cMina Kyla S. De Leon |
||
| 260 |
_aLas Pinas City _bSouthville International School and Colleges _c2023 |
||
| 300 |
_aviii, 154 pages : _bcolored pictures ; _c28cm. |
||
| 500 | _aBachelor of Arts in Multimedia Arts. | ||
| 504 | _aIncludes bibliographical references and appendices. | ||
| 650 | _aTextile design—Philippines. | ||
| 650 | _aIndigenous weaving—Philippines. | ||
| 650 | _aHandwoven fabrics—Philippines. | ||
| 650 | _aTraditional arts—Philippines. | ||
| 650 | _aEthnic patterns in textiles—Philippines. | ||
| 942 |
_2lcc _cTH |
||
| 999 |
_c367121 _d367121 |
||